Statistics for Word Scramble - Countries in Native Language

Click here to take the quiz!

General Stats

  • This quiz has been taken 27 times
  • The average score is 8 of 12

Answer Stats

ScrambleCountry% Correct
sñepaaSpain
92%
uimosFinland
88%
dlathcensudGermany
81%
ouhgznogChina
77%
altiiaItaly
77%
hinnoJapan
73%
lgonmoMongolia
69%
esrtöhicreAustria
58%
hrataabIndia
58%
syoairsRussia
50%
rakiynuaUkraine
46%
rgenoNorway
38%

Score Distribution

Percentile by Number Answered

Percent of People with Each Score

Your Score History

You have not taken this quiz